000 00396nam a2200181Ia 4500
005 20240823020327.0
008 240823s9999||||xx |||||||||||||| ||und||
041 _aENGLISH
082 _A305.23
100 _aUNICEF
245 2 _aA World Fit For Children
250 _a1st
260 _bU
_aKathmandu
500 _aTRANSFERED
650 _achild
_bGeneral
942 _cBK
999 _c174494
_d174494